000
00357nam a2200133Ia 4500
008
151001s9999||||xx |||||||||||||| ||und||
100
_a
M N Roy
245
_a
prom savagery to
250
_a
1
260
_b
Rediance
260
_c
2009
300
_a
104
365
_b
21
999
_c
995704
_d
995701